000 00582nam a22002057a 4500
003 OSt
005 20140310181941.0
008 130724t xxu||||| |||| 00| 0 eng d
020 _a0006470343
050 _aPS 8565
_b.M787 1991
082 _aCLA
_bM76s 1991
100 _aMontgomery, Lucy Maud
_93631
245 _aThe story girl earns her name /
_cLucy Maud Montgomery
260 _aToronto :
_bHarper Collins Publishers,
_cc1991.
300 _a117 p. :
_bill. ;
_c19 cm.
541 _j1
562 _e1
650 _aAdventure
_xfiction.
_93632
942 _2lcc
_cBBK
_kCLA
999 _c7658
_d7658